00807nam a2200253 a 4500001000400000003001000004005001700014008004100031020001800072040002500090080001900115090002800134100002000162245004700182250002500229260004200254300002000296504003700316650002600353650001900379942001200398952013000410999001300540655BR-CuiBMT20231112041932.0231111s2009 rjb 001 0 por d a9788537505748 aBR-CuiBMTcBR-CuiBMT a343.232 22007 a343.232 bT231tc3. ed.1 aTavares, Juarez10aTeoria do crime culposo /cJuarez Tavarez. a3. ed., rev. e ampl. aRio de Janeiro :bLumen Juris,c2009. a555 p. ;c23 cm aInclui bibliografia e índice.  aDireito penalzBrasil aCrime culposo  2udccLV 00102udc4070aBIBTCEMTbBIBTCEMTd2018-10-16l0o343.232 T231t 3. ed.pBIBTCEMT23110477r2023-11-12tEx. 1w2023-11-12yLV c655d655